000 00426nam a2200181Ia 4500
001 1100
005 20260306140607.0
008 260306t2016||||xx |||||||||||||| ||spa||
041 _aESP
082 _a180
_bT22
100 _aTarrío Ocaña, José Manuel
_eAUT
245 0 _aHistoria de la filosofía
260 _c2016
300 _a311 páginas :
_c27 cm.
650 _aGEN
654 _aCHU
942 _cLIB
_dJUS
_fJUS
_2ddc
_n
999 _c1100
_d1100